| 000 | 01237cam a22003734a 4500 | ||
|---|---|---|---|
| 001 | 6763159 | ||
| 003 | ARRUPE | ||
| 005 | 20150915123757.0 | ||
| 008 | 070910s2008 enk b 001 0 eng | ||
| 010 | _a 2007036951 | ||
| 020 | _a9780521888912 (hardback) | ||
| 020 | _a0521888913 (hardback) | ||
| 020 | _a9780521717663 (pbk.) | ||
| 020 | _a0521717663 (pbk.) | ||
| 024 | _a40015511195 | ||
| 035 | _a(OCoLC)ocn173182435 | ||
| 035 | _a(OCoLC)173182435 | ||
| 035 | _a(NNC)6763159 | ||
| 040 |
_aDLC _cDLC _dBAKER _dBTCTA _dYDXCP _dUKM _dC#P |
||
| 050 | 0 | 0 |
_aBD450 _b.S5645 2008 |
| 082 | 0 | 0 |
_a128 _222 |
| 100 | 1 |
_aSokolowski, Robert. _919091 |
|
| 245 | 1 | 0 |
_aPhenomenology of the human person / _cRobert Sokolowski. |
| 260 |
_aCambridge ; _aNew York : _bCambridge University Press, _c2008. |
||
| 300 |
_aix, 345 p. ; _c23 cm. |
||
| 504 | _aIncludes bibliographical references (p. 325-331) and index. | ||
| 505 | 0 | _aThe form of thinking -- The content of thinking -- The body and human action -- Ancients and moderns. | |
| 650 | 0 |
_aHuman beings. _919827 |
|
| 650 | 0 |
_aPhilosophical anthropology. _919828 |
|
| 650 | 0 |
_aPhenomenology. _919829 |
|
| 942 |
_2lcc _cMONOGRAPH |
||
| 948 | 1 |
_a20080722 _bc _csl13 _dMPS |
|
| 999 |
_c123402 _d123402 |
||